| 000 | 00653nam a2200157 a 4500 | ||
|---|---|---|---|
| 001 | 4140 | ||
| 005 | 20140414131934.0 | ||
| 008 | 090218s19uu xx 00 eng d | ||
| 050 |
_aREF 577.3 _bD33 2005 |
||
| 100 | _aDay, Trevor | ||
| 245 |
_aTaiga. / _cTrevor Day. |
||
| 260 |
_aChicago, Ill. : _bRaintree, _cc2010. |
||
| 500 | _aContents: Biomes of the world -- The taiga biome -- Northwestern american taiga -- Taiga climate -- Northeastern american taiga -- Taiga plants -- European taiga -- Taiga animals -- Siberian taiga -- People and the taiga -- East asian taiga -- The future. | ||
| 650 |
_aTaiga ecology _xMaps for children. |
||
| 999 |
_c112371 _d112371 |
||